| 000 | 00756nam a2200241Ia 4500 | ||
|---|---|---|---|
| 003 | OSt | ||
| 005 | 20220925214718.0 | ||
| 006 | a|||||r|||| 00| 0 | ||
| 007 | ta | ||
| 008 | 220923b |||||||| |||| 00| 0 eng d | ||
| 037 | _cGeneral Book | ||
| 040 |
_aRTL _cRTL _beng |
||
| 041 |
_2eng _aeng |
||
| 082 | _aX:9.687.N63<--M95, L4 | ||
| 100 |
_aClayton Anthony _9118379 |
||
| 245 | 0 | _aGovernment and labour in Kenya 1895-1963 | |
| 260 |
_aLondon _bFrank Cass UK _c1974 |
||
| 300 |
_axxvi, 481p. Bib p 463-70 _ccm. |
||
| 650 |
_aPublic Relation Management - Europe _9251298 |
||
| 700 |
_a Savage Donald C. _9126837 |
||
| 942 |
_hX:9.687.N63<--M95, L4 _cGB _2CC |
||
| 999 |
_c566379 _d566379 |
||